000 00495 a2200169 4500
001 136023
020 _a8590713609
040 _cLeonardo Da Vinci
041 _aPortuguês
082 _a658.408 C871f
_bC871f
100 _aCOSTA, Eduardo Homem da
245 _aFundamentos de responsabilidade social empresarial
260 _bE. Homem da Costa
_c2007
_aRio de Janeiro
362 _a20070000
697 _aAdministração
_aResponsabilidade social
_aInvestimentos sociais
_aFIPEN
942 _cBK
999 _c136023
_d136023